000 00680nam a2200229Ia 4500
003 GCL
008 140319s9999 xx 000 0 ara d
040 _aGCL /
_cGCL
082 0 4 _a150
_bس ع
100 1 _aسامى الدروبى
245 1 0 _aعلم النفس والادب /
_cسامى الدروبى
260 _a[S.N] :
_bدار المعارف ،
_c1981
300 _a315 ص
490 _aمنشورات جماعة علم النفس التكاملى
_v0
650 0 4 _aالادب
650 0 4 _aعلم النفس
650 0 4 _aالنقد الادبى
650 0 4 _aالتحليل النفسى
650 0 4 _aالادباء
650 0 4 _aالفن
942 _2ddc
_cBK
999 _c31704
_d31704